[Event "VIE-ch U13 Girls"]
[Site "Ho Chi Minh City"]
[Date "2014.07.17"]
[Round "8"]
[White "Vo, Thi My Duyen"]
[Black "Do, Thuy Phuong Vy"]
[Result "0-1"]
[WhiteElo "1843"]
[BlackElo "1822"]
[PlyCount "80"]
[EventDate "2014.07.13"]
[EventType "swiss"]
[EventRounds "9"]
[EventCountry "VIE"]
[SourceTitle "EXT 2016"]
[Source "ChessBase"]
[SourceDate "2015.10.08"]
[SourceVersion "1"]
[SourceVersionDate "2015.10.08"]
[SourceQuality "1"]

1. c4 c5 2. g3 Nc6 3. Bg2 g6 4. Nc3 Bg7 5. e3 e5 6. Nge2 d6 7. 0-0 Nge7 8. a3 0-0 9. b3 Be6 10. Bb2 d5 11. cxd5 Nxd5 12. Qc2 Nxc3 13. Qxc3 Qb6 14. Nc1 Rad8 15. f4 Na5 16. b4 cxb4 17. Qxb4 Qxb4 18. axb4 Nc4 19. Bc3 Nxd2 20. Bxd2 Rxd2 21. Rxa7 exf4 22. gxf4 b5 23. Rf2 Rd1+ 24. Rf1 Rfd8 25. Ra8 Rxf1+ 26. Kxf1 Bc4+ 27. Ne2 Rxa8 28. Bxa8 Bc3 29. Kf2 Bxb4 30. Nd4 Bc3 31. Be4 Kf8 32. f5 gxf5 33. Nxf5 Ba2 34. Ke2 b4 35. Kd1 b3 36. Bd5 Bb1 37. Nd4 Bxd4 38. exd4 b2 39. Bb3 Be4 40. Ba2 b1Q+ 0-1

[Event "VIE-ch U13 Girls"]
[Site "Ho Chi Minh City"]
[Date "2014.07.13"]
[Round "2"]
[White "Ho, Ngoc Yen Lan"]
[Black "Do, Thuy Phuong Vy"]
[Result "0-1"]
[WhiteElo "1839"]
[BlackElo "1822"]
[PlyCount "82"]
[EventDate "2014.07.13"]
[EventType "swiss"]
[EventRounds "9"]
[EventCountry "VIE"]
[SourceTitle "EXT 2016"]
[Source "ChessBase"]
[SourceDate "2015.10.08"]
[SourceVersion "1"]
[SourceVersionDate "2015.10.08"]
[SourceQuality "1"]

1. e4 e5 2. Nf3 Nc6 3. Bb5 a6 4. Ba4 Nf6 5. d3 b5 6. Bb3 h6 7. a3 Bc5 8. Nc3 d6 9. h3 0-0 10. 0-0 Bb7 11. Be3 Nd4 12. Bxd4 Bxd4 13. Nxd4 exd4 14. Ne2 c5 15. c3 dxc3 16. Nxc3 Re8 17. a4 b4 18. Ne2 d5 19. exd5 Nxd5 20. d4 Qg5 21. Bxd5 Qxd5 22. f3 cxd4 23. Nxd4 Rad8 24. Nb3 Qg5 25. Qc1 Qd5 26. Qc2 Qe6 27. Rfe1 Qb6+ 28. Qc5 Qg6 29. Rxe8+ Rxe8 30. Qxb4 Bxf3 31. g4 Qc2 32. Nd2 Re2 33. Nxf3 Rg2+ 34. Kh1 Qe2 35. Rg1 Rf2 36. Qb8+ Kh7 37. Qg3 Rxf3 38. Rg2 Qf1+ 39. Rg1 Qd3 40. Qe1 Rxh3+ 41. Kg2 Qf3# 0-1